Tilastot visalle Osmanien valtakunnan nykyiset valtiot kartalla

Klikkaa tästä pelataksesi tätä visaa!

Yleistilastot

  • Tätä visaa on pelattu 498 kertaa
  • Keskiarvotulos 29 / 31

Vastaukset kartalla

Vastauksille on annettu kartalla punavihreä väri sen mukaan, kuinka moni on saanut sen oikein.
 

Vastaustilastot

Valtio% Oikein
Turkki
99%
Kreikka
98%
Bulgaria
97%
Israel
97%
Romania
97%
Albania
96%
Egypti
96%
Irak
96%
Kosovo
96%
Kroatia
96%
Serbia
96%
Ukraina
96%
Bosnia ja Hertsegovina
95%
Pohjois-Makedonia
95%
Saudi-Arabia
95%
Unkari
95%
Algeria
94%
Kypros
94%
Libya
94%
Moldova
94%
Venäjä
94%
Montenegro
93%
Syyria
93%
Tunisia
93%
Slovakia
92%
Jordania
90%
Libanon
89%
Georgia
86%
Kuwait
78%
Eritrea
70%
Sudan
70%

Tulosjakauma

Persentiili vastausten määrän mukaan

Jokaisen tuloksen saaneiden osuus

Tuloshistoriasi

Et ole pelannut tätä visaa